| 000 | 00733nam a22002537a 4500 | ||
|---|---|---|---|
| 999 |
_c42700 _d42700 |
||
| 001 | 13756 | ||
| 003 | CO-MdFUSB | ||
| 005 | 20170901091007.0 | ||
| 008 | 170901t1996 s ||||| |||| 00| 0 s d | ||
| 020 | _a84-301-0982-X | ||
| 040 |
_aCO-MdFUSB _bspa _cCO-MdFUSB _dCO-MdFUSBC _erda |
||
| 041 | 0 | _aeng | |
| 082 | 0 | 4 | _aG 223.2 K911t |
| 100 | 1 |
_aKraus, Hans-Joachim (1918-) _eautor |
|
| 245 | 0 |
_aTeología de los Salmos _c/ Hans Joachim Kraus ; Víctor A. Martínez de Lapera, Traductor |
|
| 250 | _a2 | ||
| 264 | 4 |
_aSalamanca : _bSígueme, _c©1996 |
|
| 300 | _a295 Pág. | ||
| 336 |
_2rdacontent _a1 _ba1 |
||
| 337 |
_2rdamedia _a2 _b5 |
||
| 338 |
_2rdacarrier _a2 _b5 |
||
| 653 | _aBiblia A.T. - Escritos - Salmos | ||
| 942 | _cBK | ||